[Event "Mittelfranken-chTB2a 1920"]
[Site "Mittelfranken"]
[Date "2020.01.12"]
[Round "4.2"]
[White "Strnad, Alfred"]
[Black "Thuerauf, Peter"]
[Result "1/2-1/2"]
[WhiteElo "1818"]
[BlackElo "1890"]
[PlyCount "46"]
[EventDate "2019.10.13"]
[EventType "team-tourn"]
[EventRounds "9"]
[EventCountry "GER"]
[SourceTitle "EXT 2023"]
[Source "ChessBase"]
[SourceDate "2022.10.05"]
[SourceVersion "1"]
[SourceVersionDate "2022.10.05"]
[SourceQuality "1"]
[WhiteTeam "Heideck/Hilpoltstein II"]
[BlackTeam "Nuernberg Sued SW IV"]
[WhiteTeamCountry "GER"]
[BlackTeamCountry "GER"]

1. d4 d5 2. c4 e6 3. Nc3 Nf6 4. cxd5 exd5 5. Bg5 Nbd7 6. e3 c6 7. Bd3 Be7 8. Nf3 0-0 9. 0-0 Re8 10. a3 Ne4 11. Bxe7 Qxe7 12. Qc2 Ndf6 13. Ne5 Nd6 14. b4 a6 15. Na4 g6 16. Nb6 Rb8 17. Rfc1 Bf5 18. a4 Bxd3 19. Qxd3 Qd8 20. a5 Nc8 21. Na4 Nd7 22. Nxd7 Qxd7 23. Nc5 Qe7 1/2-1/2

[Event "Mittelfranken-chTB2b 1718"]
[Site "Mittelfranken"]
[Date "2017.11.19"]
[Round "3.7"]
[White "Strnad, Alfred"]
[Black "Possart, Dennis"]
[Result "1-0"]
[WhiteElo "1818"]
[BlackElo "1483"]
[PlyCount "65"]
[EventDate "2017.10.08"]
[EventType "team-tourn"]
[EventRounds "9"]
[EventCountry "GER"]
[SourceTitle "EXT 2022"]
[Source "ChessBase"]
[SourceDate "2021.10.06"]
[SourceVersion "1"]
[SourceVersionDate "2021.10.06"]
[SourceQuality "1"]
[WhiteTeam "Heideck/Hilpoltstein"]
[BlackTeam "Nuernberg Noris Tarrasch IV"]
[WhiteTeamCountry "GER"]
[BlackTeamCountry "GER"]

1. d4 Nf6 2. Nf3 g6 3. g3 Bg7 4. Bg2 0-0 5. 0-0 d6 6. c4 Nbd7 7. Nc3 c6 8. e4 e5 9. h3 Re8 10. Be3 c5 11. d5 Nb6 12. b3 Bd7 13. Qd2 a5 14. a4 Nc8 15. Bg5 Qe7 16. Nh2 Qf8 17. Nb5 Bxb5 18. axb5 b6 19. Ra2 Kh8 20. h4 h5 21. Qe2 Nh7 22. Bd2 Bh6 23. Bc3 Nf6 24. Bh3 Qg7 25. Nf3 Kh7 26. Ng5+ Bxg5 27. hxg5 Ng8 28. f4 f6 29. f5 fxg5 30. fxg6+ Kxg6 31. Bf5+ Kh6 32. Qxh5+ Kxh5 33. Rh2# 1-0

[Event "Mittelfranken-chTB2b 1314"]
[Site "Mittelfranken"]
[Date "2013.10.20"]
[Round "1.7"]
[White "Strnad, Alfred"]
[Black "Hoerath, Michael"]
[Result "1/2-1/2"]
[WhiteElo "1822"]
[BlackElo "1812"]
[PlyCount "98"]
[EventDate "2013.10.20"]
[EventType "team-tourn"]
[EventRounds "9"]
[EventCountry "GER"]
[SourceTitle "EXT 2020"]
[Source "ChessBase"]
[SourceDate "2019.10.17"]
[SourceVersion "1"]
[SourceVersionDate "2019.10.17"]
[SourceQuality "1"]
[WhiteTeam "Heideck/Hilpoltstein"]
[BlackTeam "Muehlhof/Schwabach"]
[WhiteTeamCountry "GER"]
[BlackTeamCountry "GER"]

1. e4 c5 2. Nc3 e6 3. g3 a6 4. Bg2 b5 5. d3 Ne7 6. Be3 d6 7. Nf3 Qc7 8. 0-0 Bb7 9. Re1 g6 10. Qd2 Bg7 11. Bh6 0-0 12. Bxg7 Kxg7 13. Qg5 Nbc6 14. Ne2 h6 15. Qd2 b4 16. d4 Na5 17. Qd3 c4 18. Qe3 d5 19. e5 Nac6 20. Bh3 a5 21. Nf4 Bc8 22. c3 a4 23. Qd2 Qb6 24. g4 Bd7 25. Bg2 a3 26. bxa3 Rxa3 27. Ne2 Rfa8 28. cxb4 Qxb4 29. Qf4 Ng8 30. Rab1 Qe7 31. Rb7 Rxa2 32. Nc3 Ra1 33. Rxa1 Rxa1+ 34. Bf1 Ra7 35. Rb6 Qd8 36. Rb1 Na5 37. g5 h5 38. Bh3 Nb3 39. Kg2 Qa5 40. Ne2 Qa2 41. Re1 Qc2 42. Ng3 Be8 43. Re2 Qc1 44. Qh4 Ra1 45. Re1 Qa3 46. Re3 Qe7 47. Qf4 Nc1 48. Ne1 Ra3 49. Kg1 Rxe3 1/2-1/2

[Event "Mittelfranken-chTB2b 1011"]
[Site "Germany"]
[Date "2010.11.21"]
[Round "3.8"]
[White "Strnad, Alfred"]
[Black "Ross, Sandra"]
[Result "1-0"]
[WhiteElo "1915"]
[BlackElo "1721"]
[PlyCount "75"]
[EventDate "2010.09.26"]
[EventType "team-tourn"]
[EventRounds "9"]
[EventCountry "GER"]
[SourceTitle "EXT 2012"]
[Source "ChessBase"]
[SourceDate "2011.11.24"]
[SourceVersion "1"]
[SourceVersionDate "2011.11.24"]
[SourceQuality "1"]
[WhiteTeam "Heideck/Hilpoltstein"]
[BlackTeam "Buechenbach/Roth II"]
[WhiteTeamCountry "GER"]
[BlackTeamCountry "GER"]

1. e4 e5 2. Nf3 Nc6 3. Bb5 a6 4. Ba4 Nf6 5. 0-0 Be7 6. Re1 b5 7. Bb3 d6 8. c3 0-0 9. h3 Na5 10. Bc2 c5 11. d4 cxd4 12. cxd4 Qc7 13. Nbd2 Nc6 14. d5 Nb4 15. Bb1 a5 16. a3 Na6 17. Nf1 Bd7 18. Ng3 Nc5 19. Be3 Rfc8 20. Nh2 a4 21. Bc2 Qb7 22. Ng4 Nxg4 23. hxg4 b4 24. Nf5 Kf8 25. Qf3 bxa3 26. bxa3 Qb2 27. Rac1 Nb3 28. Bxb3 axb3 29. Qh3 Bxf5 30. gxf5 Bf6 31. Qxh7 Ke7 32. g4 Kd7 33. Rxc8 Rxc8 34. g5 Be7 35. f6 gxf6 36. gxf6 Qxa3 37. Qxf7 Re8 38. Qe6+ 1-0

[Event "Mittelfranken-chTB2b 0910"]
[Site "Mittelfranken"]
[Date "2009.10.25"]
[Round "2.7"]
[White "Strnad, Alfred"]
[Black "Mueller, Rudolf2"]
[Result "0-1"]
[WhiteElo "1910"]
[BlackElo "1804"]
[PlyCount "86"]
[EventDate "2009.10.11"]
[EventType "team-tourn"]
[EventRounds "9"]
[EventCountry "GER"]
[SourceTitle "EXT 2011"]
[Source "ChessBase"]
[SourceDate "2010.11.26"]
[SourceVersion "1"]
[SourceVersionDate "2010.11.26"]
[SourceQuality "1"]
[WhiteTeam "Heideck/Hilpoltstein"]
[BlackTeam "Postbauer Heng II"]
[WhiteTeamCountry "GER"]
[BlackTeamCountry "GER"]

1. d4 c5 2. d5 e5 3. c4 d6 4. Nc3 f5 5. e4 Nf6 6. Bd3 f4 7. h3 Be7 8. Nf3 0-0 9. Bd2 Qe8 10. Qe2 Na6 11. Nb5 Bd7 12. a4 h6 13. Ra3 Qc8 14. Bb1 Nh7 15. Nh2 Nc7 16. Ng4 Ne8 17. g3 a6 18. Nc3 f3 19. Qd3 h5 20. Nh2 Bxh3 21. Nd1 Bg2 22. Rg1 Qh3 23. Nf1 h4 24. gxh4 Bxh4 25. Nde3 Nef6 26. Nxg2 Bxf2+ 27. Kd1 Bxg1 28. Nge3 Ng4 29. Nxg4 Qxg4 30. Kc1 Ng5 31. Bc2 Rf7 32. b4 Nh3 33. bxc5 Bxc5 34. Ra1 Nf4 35. Bxf4 Qxf4+ 36. Kb1 Qg4 37. Ka2 b5 38. a5 Qg2 39. Rd1 Qe2 40. cxb5 Qxd3 41. Bxd3 axb5 42. Ng3 g6 43. Kb3 Rxa5 0-1

[Event "Mittelfranken-chTB2b 0809"]
[Site "Mittelfranken"]
[Date "2009.01.25"]
[Round "5.5"]
[White "Schuster, Norbert"]
[Black "Strnad, Alfred"]
[Result "0-1"]
[WhiteElo "1794"]
[BlackElo "1898"]
[PlyCount "50"]
[EventDate "2008.10.12"]
[EventType "team"]
[EventRounds "9"]
[EventCountry "GER"]
[SourceTitle "EXT 2011"]
[Source "ChessBase"]
[SourceDate "2010.11.26"]
[SourceVersion "1"]
[SourceVersionDate "2010.11.26"]
[SourceQuality "1"]
[WhiteTeam "Buechenbach/Roth II"]
[BlackTeam "Heideck/Hilpoltstein"]
[WhiteTeamCountry "GER"]
[BlackTeamCountry "GER"]

1. e4 c5 2. Nf3 Nc6 3. Bc4 e6 4. 0-0 Nf6 5. e5 Ng4 6. Re1 d5 7. Bb5 Bd7 8. h3 Ngxe5 9. Nxe5 Nxe5 10. Bxd7+ Nxd7 11. d4 cxd4 12. Qxd4 Nf6 13. Bg5 Be7 14. Nc3 0-0 15. Rad1 Qb6 16. Qxb6 axb6 17. a3 Rfc8 18. Re2 h6 19. Bf4 Bxa3 20. bxa3 Rxc3 21. Bd6 Rac8 22. Rc1 Ne4 23. Bb4 R3c4 24. f3 Nc3 25. Ree1 Na2 0-1

[Event "Mittelfrankenliga-B2b 0708"]
[Site "Mittelfranken"]
[Date "2008.04.27"]
[Round "9.2"]
[White "Grimm, Pascal"]
[Black "Strnad, Alfred"]
[Result "1/2-1/2"]
[WhiteElo "1820"]
[BlackElo "1898"]
[PlyCount "27"]
[EventDate "2007.10.14"]
[EventType "team-tourn"]
[EventRounds "9"]
[EventCountry "GER"]
[SourceTitle "EXT 2011"]
[Source "ChessBase"]
[SourceDate "2010.11.26"]
[SourceVersion "1"]
[SourceVersionDate "2010.11.26"]
[SourceQuality "1"]
[WhiteTeam "Postbauer II"]
[BlackTeam "Heideck/Hilpoltstein"]
[WhiteTeamCountry "GER"]
[BlackTeamCountry "GER"]

1. c4 Nf6 2. Nc3 c5 3. Nf3 Nc6 4. e3 g6 5. b3 Bg7 6. Bb2 0-0 7. g3 d6 8. Bg2 Bd7 9. 0-0 Qc8 10. d4 cxd4 11. Nxd4 Bh3 12. Nce2 Bxg2 13. Kxg2 a6 14. Rc1 1/2-1/2

[Event "Mittelfrankenliga-B2b 0708"]
[Site "Mittelfranken"]
[Date "2007.11.25"]
[Round "3.2"]
[White "Hoermann, Gunther"]
[Black "Strnad, Alfred"]
[Result "1-0"]
[WhiteElo "2136"]
[BlackElo "1898"]
[PlyCount "65"]
[EventDate "2007.10.14"]
[EventType "team-tourn"]
[EventRounds "9"]
[EventCountry "GER"]
[SourceTitle "EXT 2011"]
[Source "ChessBase"]
[SourceDate "2010.11.26"]
[SourceVersion "1"]
[SourceVersionDate "2010.11.26"]
[SourceQuality "1"]
[WhiteTeam "Cadolzburg"]
[BlackTeam "Heideck/Hilpoltstein"]
[WhiteTeamCountry "GER"]
[BlackTeamCountry "GER"]

1. d4 Nf6 2. Nf3 g6 3. Nbd2 d5 4. e3 Bg7 5. Bd3 0-0 6. 0-0 b6 7. b4 Re8 8. Bb2 Bb7 9. c4 c6 10. Ne5 Qd6 11. a4 Nfd7 12. f4 Qxb4 13. Ba3 Qc3 14. Qe2 Nxe5 15. fxe5 c5 16. a5 dxc4 17. Bxc4 Bh6 18. Bxf7+ Kh8 19. Bxe8 Bxe3+ 20. Kh1 Bxd2 21. e6 Qe3 22. Qxe3 Bxe3 23. dxc5 bxc5 24. Rf8+ Kg7 25. Rf7+ Kh6 26. Rxe7 Nc6 27. Bxc6 Bxc6 28. Re1 Rd8 29. Rc7 Be4 30. Bxc5 Bf4 31. Rd7 Rc8 32. Rxe4 Rxc5 33. Rd1 1-0

[Event "Mittelfrankenliga-B2b 0607"]
[Site "Mittelfranken"]
[Date "2006.10.22"]
[Round "1.3"]
[White "Zeltner, Ottmar"]
[Black "Strnad, Alfred"]
[Result "1-0"]
[WhiteElo "1937"]
[BlackElo "1911"]
[PlyCount "111"]
[EventDate "2006.10.22"]
[EventType "team-tourn"]
[EventRounds "9"]
[EventCountry "GER"]
[SourceTitle "EXT 2011"]
[Source "ChessBase"]
[SourceDate "2010.11.26"]
[SourceVersion "1"]
[SourceVersionDate "2010.11.26"]
[SourceQuality "1"]
[WhiteTeam "Rothenburg"]
[BlackTeam "Heideck/Hilpoltstein"]
[WhiteTeamCountry "GER"]
[BlackTeamCountry "GER"]

1. e4 c5 2. Nf3 e6 3. d4 cxd4 4. Nxd4 Nf6 5. Nc3 d6 6. Be3 a6 7. f3 Be7 8. Qd2 Nbd7 9. 0-0-0 b5 10. Nc6 Qc7 11. Nxe7 Kxe7 12. Bf4 Ne5 13. Kb1 Rd8 14. Bxe5 dxe5 15. Qxd8+ Qxd8 16. Rxd8 Kxd8 17. Be2 Ra7 18. Rd1+ Rd7 19. Rxd7+ Nxd7 20. a4 b4 21. Na2 a5 22. b3 Nc5 23. Kb2 f5 24. c3 bxc3+ 25. Nxc3 Bb7 26. Ka3 fxe4 27. fxe4 Nxe4 28. Nxe4 Bxe4 29. g3 Kc7 30. b4 Kb6 31. Kb3 Bd5+ 32. Kc3 e4 33. Bd1 h6 34. bxa5+ Kxa5 35. Kd4 Bc6 36. Ke3 Kb4 37. Bc2 Kc4 38. a5 Kb5 39. Bxe4 Bd7 40. Kd4 Kxa5 41. Ke5 Kb4 42. Bb7 Kc5 43. Ba6 Kb6 44. Bc4 Kc5 45. Bxe6 Ba4 46. Bc8 Bc2 47. Ke6 Bb3+ 48. Ke7 h5 49. Be6 Bd1 50. Kf7 Kd6 51. Bc8 g5 52. Kg6 h4 53. g4 Ke5 54. Kxg5 h3 55. Kg6 Bc2+ 56. Kh6 1-0